<?xml version="1.0" encoding="UTF-8"?>
<record
    xmlns:xsi="http://www.w3.org/2001/XMLSchema-instance"
    xsi:schemaLocation="http://www.loc.gov/MARC21/slim http://www.loc.gov/standards/marcxml/schema/MARC21slim.xsd"
    xmlns="http://www.loc.gov/MARC21/slim">

  <leader>00405nam a22001697a 4500</leader>
  <controlfield tag="003">OSt</controlfield>
  <controlfield tag="005">20240319111023.0</controlfield>
  <controlfield tag="008">171101b        xxu||||| |||| 00| 0 eng d</controlfield>
  <datafield tag="020" ind1=" " ind2=" ">
    <subfield code="a">978-8180548918</subfield>
  </datafield>
  <datafield tag="040" ind1=" " ind2=" ">
    <subfield code="c">SEROSOFT</subfield>
  </datafield>
  <datafield tag="100" ind1=" " ind2=" ">
    <subfield code="a">PRASAD , L M</subfield>
  </datafield>
  <datafield tag="245" ind1=" " ind2=" ">
    <subfield code="a">PRINCIPLES &amp; PRACTICE OF MANAGEMENT</subfield>
  </datafield>
  <datafield tag="250" ind1=" " ind2=" ">
    <subfield code="a">9TH</subfield>
  </datafield>
  <datafield tag="260" ind1=" " ind2=" ">
    <subfield code="a">NEW DELHI</subfield>
    <subfield code="b">SULTAN CHAND</subfield>
    <subfield code="c">2016</subfield>
  </datafield>
  <datafield tag="300" ind1=" " ind2=" ">
    <subfield code="a">623</subfield>
  </datafield>
  <datafield tag="942" ind1=" " ind2=" ">
    <subfield code="2">ddc</subfield>
    <subfield code="c">01</subfield>
    <subfield code="e">9TH</subfield>
  </datafield>
  <datafield tag="999" ind1=" " ind2=" ">
    <subfield code="c">40853</subfield>
    <subfield code="d">40853</subfield>
  </datafield>
  <datafield tag="952" ind1=" " ind2=" ">
    <subfield code="0">0</subfield>
    <subfield code="1">0</subfield>
    <subfield code="2">ddc</subfield>
    <subfield code="4">0</subfield>
    <subfield code="7">0</subfield>
    <subfield code="a">01</subfield>
    <subfield code="b">01</subfield>
    <subfield code="d">2017-10-30</subfield>
    <subfield code="e">BANSAL BOOK DISTRIBUTOR</subfield>
    <subfield code="f">MANAGEMENT</subfield>
    <subfield code="g">495.00</subfield>
    <subfield code="i">5949</subfield>
    <subfield code="o">658.2 PRA</subfield>
    <subfield code="p">01-B-125627</subfield>
    <subfield code="r">2017-11-01</subfield>
    <subfield code="u">PRINCIPLES AND PRACTICE OF MANAGEMENT </subfield>
    <subfield code="w">2017-11-01</subfield>
    <subfield code="y">06</subfield>
  </datafield>
  <datafield tag="952" ind1=" " ind2=" ">
    <subfield code="0">0</subfield>
    <subfield code="1">0</subfield>
    <subfield code="2">ddc</subfield>
    <subfield code="4">0</subfield>
    <subfield code="7">0</subfield>
    <subfield code="a">01</subfield>
    <subfield code="b">01</subfield>
    <subfield code="d">2017-10-30</subfield>
    <subfield code="e">BANSAL BOOK DISTRIBUTOR</subfield>
    <subfield code="f">MANAGEMENT</subfield>
    <subfield code="g">495.00</subfield>
    <subfield code="i">5949</subfield>
    <subfield code="l">1</subfield>
    <subfield code="o">658.2 PRA</subfield>
    <subfield code="p">01-B-125628</subfield>
    <subfield code="r">2026-02-16</subfield>
    <subfield code="s">2025-10-27</subfield>
    <subfield code="u">PRINCIPLES AND PRACTICE OF MANAGEMENT </subfield>
    <subfield code="w">2017-11-01</subfield>
    <subfield code="y">02</subfield>
  </datafield>
</record>
